000 00805nam a2200253Ia 4500
003 OSt
005 20220928112526.0
006 a|||||r|||| 00| 0
007 ta
008 220927b |||||||| |||| 00| 0 eng d
020 _cUKP 28.99
024 _a144146
037 _b14379, 23/02/2021, Elite Publishers Distributors
_cTextual
040 _aSDCL
_cSDCL
_beng
041 _2eng
_aeng
082 _aR4:(Q), R0
100 _aBurley Mikel
_9428578
245 0 _aWittgenstein, religion and ethics
_b New perspectives from philosophy and theology
260 _aNew Delhi
_bBloomsbury Academic
_c2020
300 _aix-266p.
_ccm.
650 _aPhilosophy
942 _hR4:(Q), R0
_cTEXL
_2CC
999 _c745127
_d745127